20 Most Populated Countries in the world in 1975 - Statistics

General Stats
  • This quiz has been taken 191 times
  • The average score is 17 of 20
Answer Stats
Population Answer % Correct
903,728,647 China
99%
607,144,908 India
99%
217,231,589 United States
99%
59,100,043 Mexico
96%
105,086,255 Brazil
95%
251,316,217 Soviet Union
94%
56,152,576 United Kingdom
94%
52,648,619 France
92%
127,486,875 Indonesia
91%
111,039,392 Japan
90%
64,883,565 Pakistan
90%
38,327,772 Egypt
87%
61,684,850 Nigeria
85%
69,893,861 Bangladesh
83%
55,024,267 Italy
82%
38,376,265 Turkey
79%
41,266,679 Thailand
76%
47,688,854 Vietnam
75%
40,157,567 Phillippines
74%
61,988,702 West Germany
59%
No matching quizzes found
Score Distribution
Percent of People with Each Score
Percentile by Number Answered
Your Score History
You have not taken this quiz